000 00405nam a2200109Ia 4500
008 220620s9999||||xx |||||||||||||| ||und||
245 0 _aCoping with Migrants and Refugees
_bMultilevel Governance across the EU
546 _aEnglish[eng]
650 _aasylum; asylum seekers; Common European Asylum System; Europe; multilevel governance; policymaking
700 _aCaponio, Tiziana||ponzo, irene
942 _cEB
999 _c24214
_d24214